01203nam a22002295i 4500001000700000003000900007005001700016008004100033040001400074100004500088245016400133250022900297260007200526300003800598650004200636650003300678650003000711700003900741852004800780999001900828952012600847156080ES-MaACL20250831072559.0940202s1860 sp a |||| | spa d aCAM bspa1 aIriarte, Tomás de (d1750-1791)96544310aLecciones instructivas sobre la historia y la geografía / cobra póstuma de Tomás de Iriarte... adornada con nueve estampas históricas y geográficas. a5ª ed. aumentada con un tratado de moral y, religion ; lecciones de historia eclesiástica y la de España hasta 1860 ; reformada la geografia política ; y adornada con 9 grabs. en madera, por D. Alejandro Gomez Ranera. aMadrid : b[s.n.], c1860 (fImp. de Alejandro Gómez Fuentenebro) aVIII, 598 p., [1] map. ; c16 cm.07aHistoria eclesiástica2embne913400 4aEspaña-xHistoria.9185483 7aGeografía2embne9130701 aGómez Ranera, Alejandro.9127702 aES-MaACLjD-3853 z-- Enc. pasta española c156080d156080 001040708LIBXIXaATENEOMbATENEOMcSVId2008-01-17eSSCl0oD-3853p901163287r2023-02-23 00:00:00w2023-02-23yMONANT